1040 1676 1830 1244 1558 1505 1394 1371 1535 1004 1601 1407 1334 1807 1256 1550 1037 1702 1941 1610 1251 1249 1912 1511 1675 1525 1790 1244 1858 1478 1411 1410 1254 1317 1058 1692 1041 1956 1562 1399 1983 1511 1856 1897 1806 1828 1402 1667 1350 1851 1911 1719 1485 1905 1140 1282 1227 1897 1548 1797 1168 1571 1863 1227 1221 1622 1622 1083 1014 1152 1291 1279 1228 1601 1970 1130 1022 1708 1940 1097 1013 1293 1060 1742 1365 1230 1328 1174 1686 1333 1173 1793 1165 1079 1436 1266 1897 1084 1937 BCNSPRNW ULIB Ver.6.0+V

เปลี่ยนเป็นภาษาไทย

Change to English
 แสดงรายละเอียดบรรณานุกรม
  กลับหน้าหลัก

Brief Record : Get Marc (ISO 2709) : E-mail record : QR code < ปิดหน้าต่าง
LEADER : 00000nam 2200000uu 4500
001    13399127394
003     ULIB
008    200519s2017||||th 000 0 tha d
020 ^  ^a9781506258799 (6th/2017)
020 ^   ^a9781506258829 (set)
050 ^   ^aPE1128^bL633b
100 1   ^aLougheed, Lin.
245 1   ^aBarron s the leader in test preparation :^bTOEIC superpack /^cLin Lougheed.
246 3   ^aTOEIC : test of English for international communication
246 3   ^aTOEIC : practice exams
246 3   ^aEssential words for the TOEIC
246 3   ^aTOEIC superpack
250 ^   ^aThird edition.
260 ^   ^aNew York, NY :^bBarron s Educational Series,^c2017.
300 ^   ^a3 volume :^billustrations +^e1 compact disc
500 ^   ^aIncludes three books in one box.
505 0   ^aVolume 1. TOEIC : test of English for international communication -- Volume 2. TOEIC : practice exams -- Volume 3. Essential words for the TOEIC + 1 compact disc.
650 ^   ^aTest of English as a Foreign Language^xStudy guides.
650 ^   ^aEnglish language^xExaminations^xStudy guides.
650 ^   ^aEnglish language^xTextbooks for foreign speakers.
945    ^p444^l0^i007065
999    ^aประนอม เกษจรัล
รายการนี้ยังไม่มีแท็ก
คุณยังไม่ได้ล็อกอิน คุณสามารถมีกิจกรรมร่วมกับเว็บไซต์ได้ แต่ต้องล็อกอินก่อน ::
  ล็อกอิน

รายการสื่อสารสนเทศ

ลำดับที่ ประเภท เลขเรียก/บาร์โค้ด สถานที่ สถานะ
1. การศึกษาทั่วไป
หนังสือสำรอง
สถานะ=หนังสือสำรอง
PE1128 L633b ฉ.1 
  Barcode: 007065
ห้องสมุดวิทยาเขตสวรรค์ประชารักษ์
►หนังสือทั่วไป
บนชั้น

รายการใกล้เคียง
    ผู้แต่ง [Lougheed, Lin.]

BibComment


ยังไม่เคยถูกคอมเมนท์

คอมเมนท์ทรัพยากรรายการนี้
  คอมเมนท์: Barron s the le..


 Copyright 2026. Bcnsprnw @Library